00342nam a2200109Ia 450000500170000000800410001710000280005824500860008626000330017230000100020565000170021520260328101444.0260328s9999||||xx |||||||||||||| ||und|| aTéllez Vera, Mauricio 0aArquitectura Desde la Facultad :b Compendio de ensayos /cMauricio Téllez Vera bUniversidad la Gran Colombia a97 p. aARQUITECTURA